|
|
|
|
| LEADER |
01109nam a2200253 a 4500 |
| 001 |
00024023 |
| 008 |
111215s2000 bg a f001 0 beno |
| 040 |
|
|
|a BD-DhAAL
|c BD-DhAAL
|
| 043 |
|
|
|a a-bg---
|
| 082 |
0 |
4 |
|a 338.91095492
|2 22
|
| 999 |
|
|
|c 11614
|d 11614
|
| 999 |
|
|
|c 11614
|
| 100 |
|
|
|a কামালউদ্দিন, মোহাম্মদ
|9 1701
|
| 245 |
1 |
0 |
|a গণতন্ত্রায়নে এনজিও /
|c মোহাম্মদ কামালউদ্দিন
|
| 260 |
|
|
|a [ঢাকা] :
|b মোহাম্মদ কামালউদ্দিন,
|c ২০০২
|
| 300 |
|
|
|a ১৭৭ পৃ.;
|c ২২ সে.মি.
|
| 504 |
|
|
|a Includes Bibliography and indexes.
|
| 541 |
|
|
|e 00024023
|
| 546 |
|
|
|a In Bengali.
|
| 650 |
|
0 |
|a Non-governmental organizations
|z Bangladesh.
|9 1702
|
| 651 |
|
0 |
|a Bangladesh
|x Politics and government.
|9 1703
|
| 852 |
1 |
|
|a James P Grant School of Public Health
|c General Shelf.
|
| 942 |
|
|
|2 ddc
|c BK
|
| 952 |
|
|
|0 0
|1 0
|2 ddc
|4 0
|6 338_910954920000000_KAM
|7 0
|9 18904
|a JPGSPH
|b JPGSPH
|c GEN
|d 2011-12-18
|l 0
|o 338.91095492 KAM
|p 3060024023
|r 2011-12-18
|t 1
|w 2011-12-18
|y BK
|